000 00561nam a2200205Ia 4500
008 220216s9999 xx 000 0 und d
100 _aDas G
245 0 _aRubber cultivation in alkaline soils of Dooars area of West Bengal: A report on growth of young plants
260 _bRubber Science
_c2015
300 _a266-274
650 _aGrowth
650 _aHigh pH soil
650 _aImmature phase
650 _aPhotosynthetic efficiency
700 _aChoudhury M
700 _aJacob J
700 _aKrishnakumar R
700 _aKumar S
942 _cBS
999 _c48488
_d48488